Statistics for Dunder Mifflin Branches

Click here to take the quiz!

General Stats

  • This quiz has been taken 20 times
  • The average score is 7 of 13

Answer Stats

Answer% Correct
Scranton
100%
Stamford
70%
Nashua
65%
Buffalo
60%
Utica
60%
Albany
50%
Rochester
50%
Akron
45%
Syracuse
40%
Binghamton
35%
Camden
30%
Pittsfield
30%
Yonkers
30%

Score Distribution

Percentile by Number Answered

Percent of People with Each Score

Your Score History

You have not taken this quiz